Statistiques concernant C'est la fête - La Belle et la Bête [Paroles entières]

Cliquez ici pour prendre le quiz!

Statistiques générales

  • Ce quiz a été pris 371 fois
  • Le résultat moyen est 240 sur 419

Statistiques - réponses

XParoles% Correct
LumièreLa
100%
| X3 | X4la
100%
c'est
99%
| Chanson | Choeur | TousC'est
99%
Ce
99%
ce
99%
fête
98%
ma
96%
ma
96%
LumièreMa
96%
a
95%
A
95%
de
95%
à
95%
le
93%
me
93%
Le
93%
Au
90%
au
90%
on
90%
Et
90%
On
90%
et
90%
un
88%
Vous
88%
| Mme SamovarUn
88%
vous
88%
tout
87%
| BièreTout
87%
du
86%
nous
85%
je
84%
ça
84%
Dans
83%
dans
83%
impec'
82%
garanti
82%
Service
81%
votre
79%
Votre
79%
ou
79%
des
79%
Des
79%
chante
77%
dîner
77%
jour
77%
Une
75%
une
75%
monde
74%
que
74%
Que
74%
beurre
73%
danse
73%
Plat
73%
mademoiselle
73%
Cuisine
72%
France
72%
toute
71%
Avec
71%
avec
71%
meilleure
71%
reste
71%
veille
71%
suis
71%
connais
71%
petite
71%
heure
71%
fera
70%
| LumièrePour
70%
pour
70%
chère
70%
grande
69%
connaisseur
69%
les
68%
sert
68%
quand
68%
Quand
68%
Oui
68%
sera
67%
lu
66%
bon
66%
Ici
65%
soir
65%
bavette
64%
chérie
64%
Mais
63%
prenez
62%
Prenez
62%
est
62%
Mettez
61%
ne
60%
chouette
60%
laissez
60%
my
59%
par
59%
menu
59%
pomme
58%
coup
58%
croyez-moi
58%
Moi
56%
pas
56%
assiettes
54%
l'aurez
54%
immense
54%
qu'un
54%
faire
53%
présenter
53%
donc
53%
française
53%
plaisir
52%
gastronomie
52%
sont
51%
mes
51%
sans
50%
Sans
50%
aux
49%
copines
49%
hors-d'oeuvre
49%
place
48%
mieux
47%
vie
46%
vaut
45%
qui
45%
J'ai
45%
Qui
45%
sautées
45%
haute
45%
fierté
44%
Mam'zelle
44%
sifflet
44%
thé
44%
couper
43%
plus
42%
trompette
42%
invitons
42%
seule
41%
chandeliers
41%
spécialité
40%
chandelles
40%
êtes
40%
demoiselle
40%
y'a
39%
Y'a
39%
Paris-Brest
39%
fière
38%
prépare
37%
potes
37%
rien
37%
grandes
37%
cafard
36%
tradition
36%
flambées
36%
Dix
35%
dix
35%
dessert
35%
prêt
35%
nos
35%
déprime
35%
crêpes
35%
Pommes
35%
profonde
35%
domestique
35%
maisons
35%
ans
34%
art
34%
fait
34%
pensez
33%
peut
33%
supplice
33%
jongler
32%
verres
32%
cote
31%
levons
30%
bonheur
30%
office
30%
laissez-vous
30%
recette
29%
galère
29%
tâche
28%
TousAllez
28%
notre
28%
d'âme
28%
château
27%
vive
27%
poussière
27%
vraie
27%
barrière
26%
qu'une
26%
Tristounettes
25%
Champagne
25%
sautons
25%
fillettes
24%
désole
24%
savoir-faire
23%
bonne
23%
En
23%
sucre
22%
temps
22%
labeur
22%
Détendez-vous
22%
mignonnette
22%
Ninette
21%
Lady
21%
deux
21%
corbeille
20%
torchon
20%
frais
20%
Ratatinés
20%
pouvoir
20%
jours
20%
j'ferai
19%
J'ferai
19%
peux
19%
jamais
19%
déambuler
19%
vieux
19%
Ah
18%
archives
18%
you
18%
Mirontons
18%
montrer
18%
comme
17%
d'api
17%
autour
16%
Thank
16%
tasses
16%
petits
16%
lumière
15%
impression
15%
Pendant
14%
grimace
14%
bouillons
13%
Nappe
13%
classé
13%
glacée
13%
L'important
12%
donner
11%
Demain
10%
serait
10%
folle
10%
Jusqu'à
10%
sauve
9%
jouent
9%
façon
9%
bleu
9%
irez
9%
tourterelle
8%
Vos
8%
vos
8%
pimpons
8%
empesée
7%
grâce
7%
Bombe
7%
route
7%
Après
5%
J'sifflerai
5%
pouf
5%
Patte
4%
faux-semblants
4%
coeur
4%
l'aise
4%
serez
4%
Coeur
4%
plaise
3%
criiez
3%
Yopla
3%
l'escarpolette
2%
poussera
2%
requêtes
2%
gâtée
1%
égayer
1%
voudrait
1%
comblé
1%
retraite
1%
désirs
0%
Viennent
0%
booum
0%

Distribution des résultats

Percentile par nombre de réponses

% des personnes avec chaque résultat

Votre développement - résultats

Vous n’avez pas pris ce quiz